[Event "Quebec op"]
[Site "Montreal"]
[Date "1986.08.??"]
[Round "?"]
[White "Bray, Ronald"]
[Black "Alain, Benoit"]
[Result "1/2-1/2"]
[WhiteElo "1954"]
[BlackElo "2042"]
[PlyCount "61"]
[EventDate "1986.08.03"]
[EventType "swiss"]
[EventRounds "8"]
[EventCountry "CAN"]
[SourceTitle "EXT 2022"]
[Source "ChessBase"]
[SourceDate "2021.10.06"]
[SourceVersion "1"]
[SourceVersionDate "2021.10.06"]
[SourceQuality "1"]

1. e4 c5 2. f4 g6 3. Nf3 Bg7 4. d3 e6 5. g3 Ne7 6. Bg2 0-0 7. 0-0 Nbc6 8. c3 d5 9. Qe2 b6 10. Be3 a5 11. e5 Ra7 12. Bf2 a4 13. g4 Ba6 14. h4 Kh8 15. Na3 c4 16. dxc4 dxc4 17. Rad1 Nd5 18. Bg3 Rd7 19. Nc2 b5 20. a3 Qb6+ 21. Kh2 Rfd8 22. Ng5 h6 23. Ne4 Nce7 24. Bh3 Kg8 25. f5 exf5 26. gxf5 Nxf5 27. Bxf5 gxf5 28. Nd6 f4 29. Rxd5 fxg3+ 30. Kh3 Qc6 31. Ne3 1/2-1/2

[Event "Quebec op"]
[Site "Laval"]
[Date "1984.08.12"]
[Round "8"]
[White "Day, Lawrence A"]
[Black "Alain, Benoit"]
[Result "1-0"]
[WhiteElo "2490"]
[BlackElo "2052"]
[PlyCount "37"]
[EventDate "1984.08.05"]
[EventType "swiss"]
[EventRounds "8"]
[EventCountry "CAN"]
[SourceTitle "EXT 2022"]
[Source "ChessBase"]
[SourceDate "2021.10.06"]
[SourceVersion "1"]
[SourceVersionDate "2021.10.06"]
[SourceQuality "1"]

1. d4 Nf6 2. Nf3 c5 3. d5 e6 4. Nc3 b5 5. Bg5 Qb6 6. Bxf6 gxf6 7. e4 a6 8. a4 b4 9. a5 Qc7 10. Na4 Qxa5 11. Nd2 exd5 12. exd5 d6 13. Nc4 Qc7 14. Nab6 Ra7 15. Bd3 Nd7 16. Nxc8 Qxc8 17. Qe2+ Kd8 18. Bf5 Qa8 19. Bxd7 1-0

[Event "Laval op 02nd"]
[Site "Laval"]
[Date "1982.04.04"]
[Round "5"]
[White "Alain, Benoit"]
[Black "Wilkin, Alain"]
[Result "0-1"]
[WhiteElo "1821"]
[BlackElo "1719"]
[PlyCount "36"]
[EventDate "1982.04.02"]
[EventType "swiss"]
[EventRounds "5"]
[EventCountry "CAN"]
[SourceTitle "EXT 2022"]
[Source "ChessBase"]
[SourceDate "2021.10.06"]
[SourceVersion "1"]
[SourceVersionDate "2021.10.06"]
[SourceQuality "1"]

1. d4 Nf6 2. c4 c5 3. d5 b5 4. cxb5 a6 5. Nc3 axb5 6. e4 b4 7. Nb5 d6 8. f3 g6 9. Bc4 Bg7 10. Ne2 Nbd7 11. a4 Nb6 12. Qd3 Bd7 13. Ra2 Nxc4 14. Qxc4 Qa5 15. Ned4 b3+ 16. Bd2 bxa2 17. Bxa5 a1Q+ 18. Kf2 Qxb2+ 0-1